| 000 | 00914nac a22002051u 4500 | ||
|---|---|---|---|
| 008 | 101215s2000 xxu||||| |||| 00| 0 ara d | ||
| 020 | _a9770307246 | ||
| 082 |
_a612 _bس ع د |
||
| 100 | 1 |
_aسعد الدين ، محمد سمير _921506 |
|
| 245 |
_aعلم وظائف الأعضاء والجهد البدنى / _cمحمد سمير سعد الدين |
||
| 250 |
_aط 3، _bمزيدة ومنقحة |
||
| 260 |
_aالإسكندرية : _bمنشأة المعارف ،2000 _c2000. |
||
| 300 |
_a325 ص ؛ _c24 سم. _bايض : |
||
| 504 | _aيشتمل على ببليوجرافية: ص 319-325 | ||
| 650 |
_aالفسيولوجيا _921509 |
||
| 650 |
_aالجهازالعصبى _915479 |
||
| 650 |
_aالتنفس _921689 |
||
| 942 |
_cBB _k612 س ع د _2ddc |
||
| 999 |
_c6733 _d6733 |
||